|
|
|
|
| LEADER |
00000nab a2200000 a 4500 |
| 001 |
vtls000714342 |
| 003 |
SK-MaSNL |
| 005 |
20260304223750.0 |
| 008 |
180206c2000 xo 0 slo |
| 015 |
|
|
|a SNBRB2000/03-06261
|
| 035 |
|
|
|a CLN000066509
|
| 040 |
|
|
|a SNKBUCL
|b slo
|c SNKBUCL
|e AACR2
|
| 041 |
0 |
|
|a slo
|
| 044 |
|
|
|a xo
|c SK
|
| 080 |
|
|
|a 630:061.5(437.6)
|2 UDC-MRF-SK2
|
| 100 |
1 |
|
|a Fillo, Peter
|4 ain
|9 840144
|
| 245 |
1 |
0 |
|a Oživovanie organizačného kolosu si vyžiadalo veľa práce, nový podnik je však pripravený plniť vlastné poslanie
|b rn hovorili s Ing. Blažejom Možuchom ...
|c pripravil Peter Fillo
|
| 610 |
2 |
7 |
|a Lesy Slovenskej republiky
|2 snkbucl
|9 60065
|
| 651 |
|
7 |
|a Banská Bystrica (Slovensko)
|2 snkbucl
|9 22015
|
| 655 |
|
7 |
|a články z novín a časopisov
|2 snkbucl
|9 267496
|
| 700 |
1 |
|
|a Možucha, Blažej,
|d 1956-
|4 aut
|4 uin
|9 16832
|
| 773 |
0 |
|
|t Roľnícke noviny
|g Č. 13 (20.1.2000), s. 1 a 5
|
| 850 |
|
|
|a Slovenská národná knižnica v Martine
|
| 852 |
|
|
|a SNK
|b KIS3GCP
|
| 958 |
|
|
|a RBX
|
| 999 |
|
|
|c 3169462
|d 3171392
|